000 01039nam a2200289 i 4500
003 EG-GICUC
005 20260304230045.0
008 260304s1936 fr ||||fr|||| 00| 0 fre d
040 _aEG-GiCUC
_bfre
_cEG-GiCUC
_dEG-GiCUC
_eRda
041 _afre
082 0 4 _221
_a341.511
_bHU.C
092 0 4 _221
099 _aLaw1 11 341.511 HU.C 1936
100 1 _aHuson , Manley O.
_eAuteur
245 _aLa Cour Permanente De Justice Internationale Traité :
_bMeurre De La Cour Permanente D'arbitrage Et Professeur De Droit International A La Harvard Law School /
_c Manley O. Huson .
264 _aParis :
_bLibrairie De La Cour D'appee Et De L'ordre Des Avocats ,
_c1936.
300 _a723 page ;
_c 24 cm.
336 _2rda contenu
_a texte
337 _2rda medias
_aOrdinateur
338 _2 transporteur rda
_a Ressource en ligne
546 _aTexte en français
650 1 _aTribunaux internationaux
651 1 _2qrmak
856 4 0 _uhttps://fll.law.cu.edu.eg/fulltext/bks/B11-08771.pdf
905 _a60
942 _2ddc
_cBK
_e21
_n0
999 _c64954
_d64954